Psychodiagnostic: méthode et résultats d'une expérience diagnostique de perception, interprétation libre de formes fortuites
Uloženo v:
| Hlavní autor: | |
|---|---|
| Médium: | Kniha |
| Jazyk: | francouzština |
| Vydáno: |
París
Presses Universitaires de France
1967
|
| Vydání: | 4a. ed |
| Edice: | Bibliothéque scientifique internationale, sciences humaines. Section psychologie
|
| Témata: | |
| Tagy: |
Přidat tag
Žádné tagy, Buďte první, kdo vytvoří štítek k tomuto záznamu!
|
MARC
| LEADER | 00000nam a2200000 a 4500 | ||
|---|---|---|---|
| 001 | UCY6500 | ||
| 003 | CL-VaPUC | ||
| 008 | 950526e19670000FR |||||||||||||||||fre|d | ||
| 082 | 0 | 4 | |a 155.284 |b ROR |2 21 |
| 100 | 0 | |a Rorschach, Hermann |e author |9 336452 | |
| 245 | 1 | 0 | |a Psychodiagnostic: méthode et résultats d'une expérience diagnostique de perception, interprétation libre de formes fortuites |
| 250 | |a 4a. ed | ||
| 300 | |a 412 p | ||
| 942 | |c BK | ||
| 945 | |d 19950526 00:00:00 |a cmena | ||
| 260 | |a París |b Presses Universitaires de France |c 1967 | ||
| 500 | |a PRESTAMO RESTRINGIDO: 10 láminas | ||
| 650 | 0 | |a Psicología |9 257863 | |
| 650 | 0 | |a Psicología aplicada |9 270762 | |
| 650 | 0 | |a Personalidad |9 307255 | |
| 650 | 0 | |a Cognición |9 270347 | |
| 650 | 0 | |a Procesos mentales superiores |9 330839 | |
| 650 | 0 | |a Percepción |9 266750 | |
| 650 | 0 | |a Inteligencia |9 267038 | |
| 650 | 0 | |a Pruebas psicológicas |9 307459 | |
| 650 | 7 | |a PSICOLOGIA EXPERIMENTAL |2 CL-VaPUC |9 309015 | |
| 583 | |a last modification |c 19950526 00:00:00 |k Rodrigo Vera | ||
| 490 | 0 | |a Bibliothéque scientifique internationale, sciences humaines. Section psychologie | |
| 999 | |c 234063 |d 234061 | ||
| 952 | |0 0 |1 0 |4 0 |6 155_284000000000000_ROR_1967 |7 0 |8 P |9 240020 |a BIBEDU |b BIBEDU |c BIBEDU_PB |d 2019-11-18 |i 1510940 |o 155.284 ROR 1967 |p 1510940 |r 2024-01-25 |w 2019-11-18 |y BK |k EDU | ||
| 952 | |0 0 |1 0 |4 0 |6 155_284000000000000_ROR_1967 |7 0 |8 P |9 240021 |a BIBEDU |b BIBEDU |c BIBEDU_PB |d 2019-11-18 |i 1510932 |o 155.284 ROR 1967 |p 1510932 |r 2024-01-25 |w 2019-11-18 |y BK |k EDU | ||
| 952 | |0 0 |1 0 |4 0 |6 155_284000000000000_ROR_1967 |7 0 |8 P |9 240022 |a BIBEDU |b BIBEDU |c BIBEDU_PB |d 2019-11-18 |i 160225K |o 155.284 ROR 1967 |p 160225K |r 2024-01-25 |w 2019-11-18 |y BK |k EDU | ||
| 952 | |0 0 |1 0 |4 0 |6 155_284000000000000_ROR_1967 |7 0 |8 P |9 240023 |a BIBEDU |b BIBEDU |c BIBEDU_PB |d 2019-11-18 |i 160211K |o 155.284 ROR 1967 |p 160211K |r 2024-01-25 |w 2019-11-18 |y BK |k EDU | ||
| 952 | |0 0 |1 0 |4 0 |6 155_284000000000000_ROR_1967 |7 0 |8 P |9 240024 |a BIBEDU |b BIBEDU |c BIBEDU_PB |d 2019-11-18 |i 1602209 |o 155.284 ROR 1967 |p 1602209 |r 2024-01-25 |w 2019-11-18 |y BK |k EDU | ||
| 952 | |0 0 |1 0 |4 0 |6 155_284000000000000_ROR_1967 |7 0 |8 P |9 240025 |a BIBEDU |b BIBEDU |c BIBEDU_PB |d 2019-11-18 |i 1602586 |o 155.284 ROR 1967 |p 1602586 |r 2024-01-25 |w 2019-11-18 |y BK |k EDU | ||
| 952 | |0 0 |1 0 |4 0 |6 155_284000000000000_ROR_1967 |7 0 |8 P |9 240026 |a BIBEDU |b BIBEDU |c BIBEDU_PB |d 2019-11-18 |i 1602535 |o 155.284 ROR 1967 |p 1602535 |r 2024-01-25 |w 2019-11-18 |y BK |k EDU | ||
| 952 | |0 0 |1 0 |4 0 |6 155_284000000000000_ROR_1967 |7 0 |8 P |9 240027 |a BIBEDU |b BIBEDU |c BIBEDU_PB |d 2019-11-18 |i 2010887 |o 155.284 ROR 1967 |p 2010887 |r 2024-01-25 |w 2019-11-18 |y BK |k EDU | ||